[Event "Gothenburg op"]
[Site "Gothenburg"]
[Date "2004.06.20"]
[Round "9"]
[White "Wesslen, Ulf"]
[Black "Nemeth, Sebastian"]
[Result "0-1"]
[WhiteElo "2052"]
[BlackElo "2124"]
[PlyCount "76"]
[EventDate "2004.06.12"]
[EventType "swiss"]
[EventRounds "9"]
[EventCountry "SWE"]
[SourceTitle "EXT 2005"]
[Source "ChessBase"]
[SourceDate "2004.11.15"]
[SourceVersion "1"]
[SourceVersionDate "2004.11.15"]
[SourceQuality "1"]

1. d4 Nf6 2. c4 e6 3. Nc3 c5 4. d5 exd5 5. cxd5 d6 6. e4 g6 7. Bd3 Bg7 8. Nge2 0-0 9. h3 Na6 10. 0-0 Nc7 11. Ng3 a6 12. a4 Rb8 13. a5 b5 14. axb6 Rxb6 15. f4 Nd7 16. Qf3 Rb4 17. Kh1 Qh4 18. e5 dxe5 19. f5 Nf6 20. Nce4 Nxe4 21. Bxe4 Nb5 22. Kh2 Nd6 23. Bc2 e4 24. Qf2 Be5 25. fxg6 hxg6 26. Ra3 Nf5 27. Bf4 e3 28. Nxf5 Rxf4 29. Nxh4 Rxf2+ 30. Kg1 Rxc2 31. Nf3 e2 32. Rb1 Bxb2 33. Rb3 Bd4+ 34. Kh2 Bd7 35. Rb7 Bb5 36. Re7 Bf6 37. Re4 Rd8 38. Rf4 Bg7 0-1

[Event "NOR-ch U20 op 13th"]
[Site "Oslo"]
[Date "2003.04.15"]
[Round "4"]
[White "Straesser, Felix"]
[Black "Nemeth, Sebastian"]
[Result "0-1"]
[WhiteElo "925"]
[BlackElo "2134"]
[PlyCount "54"]
[EventDate "2003.04.??"]
[EventType "swiss"]
[EventRounds "9"]
[EventCountry "NOR"]
[SourceTitle "EXT 2005"]
[Source "ChessBase"]
[SourceDate "2004.11.15"]
[SourceVersion "1"]
[SourceVersionDate "2004.11.15"]
[SourceQuality "1"]

1. e4 c5 2. Nf3 d6 3. d3 g6 4. g3 Bg7 5. Bg2 Nc6 6. 0-0 Nf6 7. c3 0-0 8. Be3 Bd7 9. h3 b5 10. Nbd2 Qc8 11. Kh2 b4 12. c4 Ne8 13. Rb1 Qa6 14. Qc1 Qxa2 15. Ra1 Qxb2 16. Qxb2 Bxb2 17. Bh6 Bxa1 18. Bxf8 Bh8 19. Bh6 Rb8 20. Rb1 a5 21. Ra1 Bxa1 22. Nb3 Bb2 23. Be3 a4 24. Nbd2 a3 25. Nb3 Na5 26. Nfd2 Nxb3 27. Nxb3 Ba4 0-1

[Event "Pelaro op"]
[Site "Pelaro"]
[Date "2002.06.12"]
[Round "5"]
[White "Nemeth, Sebastian"]
[Black "Andersen, Alf Roger"]
[Result "0-1"]
[WhiteElo "1911"]
[BlackElo "2144"]
[PlyCount "108"]
[EventDate "2002.06.08"]
[EventType "swiss"]
[EventRounds "5"]
[EventCountry "SWE"]
[SourceTitle "EXT 2003"]
[Source "ChessBase"]
[SourceDate "2002.11.25"]
[SourceVersion "1"]
[SourceVersionDate "2002.11.25"]
[SourceQuality "1"]

1. e4 c5 2. Nf3 e6 3. d4 cxd4 4. Nxd4 a6 5. Bd3 Nc6 6. Nxc6 bxc6 7. 0-0 d5 8. exd5 cxd5 9. Nc3 Nf6 10. Bg5 Be7 11. Qf3 0-0 12. Rfe1 Rb8 13. Rab1 Bb7 14. Qh3 g6 15. Qh4 Re8 16. Qh3 Qc7 17. Qh4 Qd8 18. Qh3 Qc7 19. Qh4 Nh5 20. Bxe7 Qxe7 21. Qxe7 Rxe7 22. Be2 Nf6 23. f4 d4 24. Na4 Rc7 25. c4 Be4 26. Rbd1 d3 27. Bxd3 Bxd3 28. Rxd3 Rxc4 29. b3 Rxf4 30. Rc1 Nd5 31. a3 Re4 32. b4 Nf4 33. Rcc3 Nxd3 34. Rxd3 a5 35. Nc5 Rc4 36. Nd7 Rb5 37. Nf6+ Kf8 38. bxa5 Rc2 39. h4 Rxa5 40. Nxh7+ Kg7 41. Ng5 Ra7 42. Rf3 Ra2 43. Kh2 R2xa3 44. Rf1 Re3 45. Nf3 e5 46. Rf2 f6 47. Rc2 Rea3 48. Re2 Ra2 49. Re1 Ra1 50. Re2 R7a2 51. Re3 Ra3 52. Re4 R1a2 53. Kg3 Kf7 54. Rb4 f5 0-1

[Event "Pelaro op"]
[Site "Pelaro"]
[Date "2002.06.09"]
[Round "2"]
[White "Poley, Vladimir"]
[Black "Nemeth, Sebastian"]
[Result "0-1"]
[WhiteElo "2334"]
[BlackElo "1911"]
[PlyCount "79"]
[EventDate "2002.06.08"]
[EventType "swiss"]
[EventRounds "5"]
[EventCountry "SWE"]
[SourceTitle "EXT 2003"]
[Source "ChessBase"]
[SourceDate "2002.11.25"]
[SourceVersion "1"]
[SourceVersionDate "2002.11.25"]
[SourceQuality "1"]

1. Nf3 d5 2. g3 Nf6 3. Bg2 g6 4. b4 Bg7 5. Bb2 0-0 6. d3 c6 7. 0-0 a5 8. a3 Nbd7 9. Nbd2 Re8 10. c4 e5 11. cxd5 cxd5 12. e4 d4 13. Nc4 axb4 14. axb4 Rxa1 15. Qxa1 b5 16. Nd6 Re6 17. Nxc8 Qxc8 18. Bh3 Ra6 19. Qd1 Qf8 20. Qc2 Ra2 21. Qb3 Ra4 22. Ba3 h6 23. Nh4 Kh7 24. f4 exf4 25. gxf4 Qe7 26. Ng2 Nb6 27. Rb1 Bf8 28. Rf1 Qa7 29. Bc1 Rxb4 30. Qc2 Bg7 31. Qc5 Rb3 32. e5 Nfd5 33. f5 Qc7 34. fxg6+ fxg6 35. Qxd4 Bxe5 36. Qh4 Bg7 37. Be6 Rb1 38. Bf7 Ne7 39. Bd2 Rxf1+ 40. Kxf1 0-1